| 000 | 00574nam a2200181Ia 4500 | ||
|---|---|---|---|
| 008 | 100917s9999 xx 000 0 und d | ||
| 082 | _b45270 | ||
| 100 | _aगोडबोले मंदाकिनी | ||
| 245 | _aकैदी नं. चार सो बीस | ||
| 260 |
_bगीत गो. प्र. _c1979 |
||
| 300 | _a204 | ||
| 365 | _b18 | ||
| 520 | _aकादंबरी | ||
| 630 | _aकैदी नं. चार सो बीस | ||
| 650 | _aकादंबरी | ||
| 730 | _aकैदी नं. चार सो बीस | ||
| 942 | _cBOOK | ||
| 999 |
_c650664 _d650661 |
||